| 000 | 00369nam a22001217a 4500 | ||
|---|---|---|---|
| 082 | _a220 PRO | ||
| 100 |
_aBILAL, USAMA, WAQAS, _972045 |
||
| 245 | _aPR-SOF-1273-IMPROVEMENT OF THERMAL EFFICIENCY OF DOMESTIC GAS WATER HEATER | ||
| 260 |
_aISLAMABAD _bNUST COLLEGE OF EME _c2013 |
||
| 650 | _aDE-MECH-31 | ||
| 700 |
_aSUPERVISOR AHMED SOHAIL KHAN _972046 |
||
| 942 | _cCR | ||
| 999 |
_c578252 _d578252 |
||